000 00483nam a2200169 a 4500
005 20140412111226.0
008 020410s19uu xx 00 eng d
020 _a0-87965-801-0
050 _aTR(GS 420.7
_bB64 Bk.K
100 _aBoning, Richard A.
245 _aUsing the context, K :
_bbooklet K /
_cRichard Boning.
260 _aNew York :
_bBarnell Loft Ltd,
_c1977.
300 _a1 v. (unp.) ; ill.
440 _aSpecific Skill Series
650 _aReading
999 _c102044
_d102044